Τράπεζα Πίστεως, ενημερωτικό δελτίο (prospectus) για την αύξηση του μετοχικού κεφαλαίου της 7 Ιουνίου 1988 (Π.Δ. 348

Αποθηκεύτηκε σε:
Λεπτομέρειες βιβλιογραφικής εγγραφής
Συγγραφή απο Οργανισμό/Αρχή: Τράπεζα Πίστεως
Μορφή: Βιβλίο
Γλώσσα:Greek
Δημοσίευση: Αθήναι : Τράπεζα Πίστεως, 1988
Θέματα:
Ετικέτες: Προσθήκη ετικέτας
Δεν υπάρχουν, Καταχωρήστε ετικέτα πρώτοι!

MARC

LEADER 00000cam a2200000 i 4500
001 1/2098
008 000421s1988 gre d
035 |l 10060273 
040 |a GR-MY-UA  |b gre  |e aacr 
041 0 |a gre 
082 0 |a 332.109495 
110 2 |a Τράπεζα Πίστεως. 
245 1 0 |a Τράπεζα Πίστεως, ενημερωτικό δελτίο (prospectus) για την αύξηση του μετοχικού κεφαλαίου της 7 Ιουνίου 1988 (Π.Δ. 348/1985) 
260 |a Αθήναι :   |b Τράπεζα Πίστεως,   |c 1988 
300 |a 36 σ.;  |b πιν., διαγρ.;  |c 28 εκ. 
610 2 0 |a Τράπεζα Πίστεως. 
650 0 0 |a Banks and banking  |z Greece. 
852 |a INST  |b CHIOS  |e 20000421  |h 332.109495 ΠΙΣ  |p 005200018415  |q 005200018415  |t BK  |y 0 
901 |a BIBL2-2000-2 
909 |a Χ  |b 074672 
970 |z 2000/04/ΜΠΡΑΤΤΗΣ